000 00419nam a2200169Ia 4500
005 20250423094439.0
008 250422s9999 xx 000 0 und d
020 _a9789789761301
050 _aKP 147 .A6/
100 _aApochi, S J
245 3 _aAn Introduction to the Nigerian Law of Evidence
260 _aAbuja
260 _bNigeria Army Welfare Printing
260 _c2019
300 _a300 p
942 _cBK
999 _c27262
_d27262